| 000 | 01147nam a2200313 a 4500 | ||
|---|---|---|---|
| 001 | BRL_785 | ||
| 005 | 20190320210909.0 | ||
| 008 | 071013s1967----u--d######---#000-0#eng-# | ||
| 041 | _aeng | ||
| 044 | _au | ||
| 050 | 4 |
_aS593 _b.S65 1967 |
|
| 245 | 1 | 0 | _aSoil testing and plant analysis |
| 260 |
_aMadison, Wisconsin _bSoil Science Society of America _c1967 |
||
| 300 |
_a2v. _bil., gráficas _c23 cm. |
||
| 440 | 0 |
_aSSSA Special Publications Series _vno. 2, partes 1-2 _924935 |
|
| 500 | _aAu865 | ||
| 500 | _aFrom two symposia sponsored by the Soil Science Society of America, Crop Science Society of America, American Society of Agronomy. | ||
| 500 | _aLa biblioteca solamente tiene la parte 2. | ||
| 505 | 0 | _aContenido: pt.1 Soil testing - pt.2 Plant analysis. | |
| 650 | 1 | 4 |
_aCultivos y suelos _924936 |
| 650 | 1 | 4 |
_aEnfermedades carenciales en plantas _924937 |
| 650 | 1 | 4 |
_aFertilidad del suelo _924842 |
| 650 | 1 | 4 |
_aFertilizantes _924938 |
| 710 | 2 |
_aSoil Science Society of America _924939 |
|
| 710 | 2 |
_aCrop Science Society of America _924940 |
|
| 710 | 2 |
_aAmerican Society of Agronomy _924941 |
|
| 902 | _aGRL | ||
| 942 |
_2lcc _cB |
||
| 999 |
_c9597 _d9597 |
||